000 01208naa a22002777a 4500
001 BR8802967
003 BR-BrBNA
005 20240918180010.0
007 ta
008 230509b bl.||||| |||| 00| 0 por d
040 _aBR-BrBNA
_bpor
_cBiblioteca Nacional de Agricultura
041 _a(Pt)
072 _aP40
_b/G514
090 _aP40 BR8802967
100 1 _aAlcantara, F. de
100 1 _aSilva, A.S. da
111 1 _a1. Congresso Interamericano de Meteorologia; 4. Congresso Brasileiro de Meteorologia
_cBrasilia, DF (Brazil)
_d20-24 Oct 1986
245 1 _aChuvas intensas na regiao sudeste do Brasil - estudo analitico sinotico tridimensional das chuvas de janeiro de 1985
260 3 _aBelo Horiznte, MG (Brasil):
_c1986.
500 _aAnais do 1. Congresso Interamericano de Meteorologia e 4. Congresso Brasileiro de Meteorologia Belo Horiznte, MG (Brasil): 1986. v. 2 p. 104-109 (BR8802967-AM)P40
650 _aCHUVA
650 _aREGIAO SUDESTE
773 0 _tAnais do 1. Congresso Interamericano de Meteorologia e 4. Congresso Brasileiro de Meteorologia
_wP40 BR8802967
_gBelo Horiznte, MG (Brasil), 1986. v. 2 p. 104-109
909 _a202404
_bLucia
_c55
_dLucia Elande
942 _cAM
_2AGRIS
999 _c319167
_d319167